<?xml version="1.0" encoding="UTF-8"?><?xml-stylesheet type="text/xsl" href="static/style.xsl"?><OAI-PMH xmlns="http://www.openarchives.org/OAI/2.0/" xmlns:xsi="http://www.w3.org/2001/XMLSchema-instance" xsi:schemaLocation="http://www.openarchives.org/OAI/2.0/ http://www.openarchives.org/OAI/2.0/OAI-PMH.xsd"><responseDate>2026-04-17T15:02:55Z</responseDate><request verb="GetRecord" identifier="oai:www.recercat.cat:10459.1/70765" metadataPrefix="marc">https://recercat.cat/oai/request</request><GetRecord><record><header><identifier>oai:recercat.cat:10459.1/70765</identifier><datestamp>2024-12-05T21:31:48Z</datestamp><setSpec>com_2072_3622</setSpec><setSpec>col_2072_479130</setSpec></header><metadata><record xmlns="http://www.loc.gov/MARC21/slim" xmlns:dcterms="http://purl.org/dc/terms/" xmlns:xsi="http://www.w3.org/2001/XMLSchema-instance" xmlns:doc="http://www.lyncode.com/xoai" xsi:schemaLocation="http://www.loc.gov/MARC21/slim http://www.loc.gov/standards/marcxml/schema/MARC21slim.xsd">
   <leader>00925njm 22002777a 4500</leader>
   <datafield ind2=" " ind1=" " tag="042">
      <subfield code="a">dc</subfield>
   </datafield>
   <datafield ind2=" " ind1=" " tag="720">
      <subfield code="a">Kim, Jinwook</subfield>
      <subfield code="e">author</subfield>
   </datafield>
   <datafield ind2=" " ind1=" " tag="720">
      <subfield code="a">Savin, Roxana</subfield>
      <subfield code="e">author</subfield>
   </datafield>
   <datafield ind2=" " ind1=" " tag="720">
      <subfield code="a">Slafer, Gustavo A.</subfield>
      <subfield code="e">author</subfield>
   </datafield>
   <datafield ind2=" " ind1=" " tag="260">
      <subfield code="c">2021-03-17T07:18:32Z</subfield>
   </datafield>
   <datafield ind2=" " ind1=" " tag="260">
      <subfield code="c">2021-01-29</subfield>
   </datafield>
   <datafield ind2=" " ind1=" " tag="260">
      <subfield code="c">2021-03-17T07:18:32Z</subfield>
   </datafield>
   <datafield ind2=" " ind1=" " tag="520">
      <subfield code="a">Average grain weight (AGW) is a major component of wheat yield. When attempting to elucidate mechanisms behind treatments effects on AGW, the distribution of the weight of individual grains may be critical. Determining the individual weight of thousands of grains in each sample would be unmanageable. Then, when individual sizes must be considered, researchers either weigh individually a very minor proportion of the grains or determine for the complete sample individual linear dimensions (length, width, area) through an image processing equipment. We aimed to generate a single model equation to trustworthily convert grain linear dimensions to grain weights. Firstly, we used a set of data to build and calibrate a model for the relationship between weight and linear dimensions of individual grains. Then, we validated the model calibrated with independent data. Grain area was a better predictor of grain weight than length and width of grains. Initially, we generated a single linear model but (i) the intercept was incongruently negative and therefore (ii) we forced the linear regression through the origin, but that consistently overestimated the weight of small grains and underestimated large grains. Finally, we fitted the data again with a power curve model and forced the intercept to zero (with the log-transformed data) obtaining the model (ŷ = x1.32) to estimate individual grain weight from grain area. The model was validated with (i) independent data from the same studies used to build the model, (ii) data from other completely independent experiments, and (iii) data from the literature. Considering the diversity of genotypes and environments in the model generation and validation, the proposed power curve model could be trustworthily used to estimate grain weights from measured areas.</subfield>
   </datafield>
   <datafield ind2=" " ind1=" " tag="520">
      <subfield code="a">Funding was provided by projects AGL2015-69595R and RTI2018-096213-B-100 funded by the Agencia Estatal de Investigación (AEI) of Spain. Jinwook Kim held a pre-doctoral research contract from AGAUR (the Agency for Management of University and Research Grants of Catalonia).</subfield>
   </datafield>
   <datafield ind1="8" ind2=" " tag="024">
      <subfield code="a">http://hdl.handle.net/10459.1/70765</subfield>
   </datafield>
   <datafield tag="653" ind2=" " ind1=" ">
      <subfield code="a">Thousand grain weight</subfield>
   </datafield>
   <datafield tag="653" ind2=" " ind1=" ">
      <subfield code="a">Grain size</subfield>
   </datafield>
   <datafield tag="653" ind2=" " ind1=" ">
      <subfield code="a">Yield components</subfield>
   </datafield>
   <datafield tag="653" ind2=" " ind1=" ">
      <subfield code="a">Triticum aestivum</subfield>
   </datafield>
   <datafield ind2="0" ind1="0" tag="245">
      <subfield code="a">Weight of individual wheat grains estimated from high-throughput digital images of grain area</subfield>
   </datafield>
</record></metadata></record></GetRecord></OAI-PMH>